| 000 | 00364nam a22001577a 4500 | ||
|---|---|---|---|
| 003 | SGT | ||
| 020 | _a978-93-5025-150-8 | ||
| 082 |
_a616.01 _bS11G |
||
| 100 | _aGUPTE, SATISH | ||
| 245 | _aTHE SHORT TB OF MEDICAL MICROBIOLOGY FOR NURSES | ||
| 250 | _a1ST | ||
| 260 |
_aINDIA _bJAYPEE PUB _c2011 |
||
| 300 | _a296 | ||
| 650 | _aMICROBIOLOGY | ||
| 942 |
_2ddc _cBK |
||
| 999 |
_c20118 _d20118 |
||